Statistiques concernant Nocturne : Quel peintre est l'auteur de cette oeuvre ?

Cliquez ici pour prendre le quiz!

Statistiques générales

  • Ce quiz a été pris 88 fois
  • Le résultat moyen est 8 sur 30

Statistiques - réponses

Réponse% Correct
Vincent {Van Gogh}
97%
Vincent {Van Gogh}
87%
Francisco de {Goya}
80%
Edvard {Munch}
66%
Edvard {Munch}
61%
Rembrandt
61%
Edward {Hopper}
51%
Edward {Hopper}
50%
Camille {Pissaro}
47%
Georges de {La Tour}
46%
Henri {Rousseau}
38%
Georges de {La Tour}
36%
Piero {della Francesca}
14%
Rembrandt
12%
Rembrandt
8%
Grant {Wood}
7%
Paolo {Uccello}
7%
Arnold {Bocklin}
5%
Auguste {Raffet}
3%
Paul {Delvaux}
3%
John {Martin}
1%
William {Longstaff}
1%
Adam {Elsheimer}
0%
Arkhip {Kouindji}
0%
Gerrit {van Honthorst}
0%
Jan {Matejko}
0%
Johann {Heinrich}
0%
Max {Becjmann}
0%
Philipp Jakob {Loutherbourg}
0%
Pierre-Jacques {Volaire}
0%

Distribution des résultats

Percentile par nombre de réponses

% des personnes avec chaque résultat

Votre développement - résultats

Vous n’avez pas pris ce quiz